00318nam a2200097Ia 4500008004100000100003300041245005600074260005900130650001200189999001900201160725s9999 xx 000 0 und d aRebadulla, Giovanni Clyde E. aMCQs (multiple choice questions) assessment method. bKaizen Research Journal College of NursingcMarch 2013 aNURSING c298034d298034